[Event "Pan American-ch Hybrid U12 Girls 31st"]
[Site "Tornelo INT"]
[Date "2021.09.04"]
[Round "8"]
[White "Villegas Garcia, Renata Alejandra"]
[Black "Ascama Paredes, Sofia Elvira"]
[Result "0-1"]
[WhiteElo "1066"]
[BlackElo "1032"]
[PlyCount "136"]
[EventDate "2021.09.04"]
[EventType "swiss"]
[EventRounds "9"]
[EventCountry "NET"]
[SourceTitle "EXT 2023"]
[Source "ChessBase"]
[SourceDate "2022.10.05"]
[SourceVersion "1"]
[SourceVersionDate "2022.10.05"]
[SourceQuality "1"]

1. d4 Nf6 2. Nf3 d5 3. Bf4 c5 4. e3 Nc6 5. c3 Qb6 6. Qc2 Bf5 7. dxc5 Bxc2 8. cxb6 axb6 9. Na3 Be4 10. Bc7 Bxf3 11. gxf3 e5 12. Nb5 Kd7 13. Bh3+ Ke8 14. Bxb6 Ra4 15. Nc7+ Ke7 16. 0-0 Rh4 17. Kg2 g5 18. Bf5 h5 19. Rad1 g4 20. Nxd5+ Nxd5 21. Rxd5 gxf3+ 22. Kxf3 Kf6 23. Bc8 e4+ 24. Kg3 Rg4+ 25. Bxg4 hxg4 26. Kxg4 Rxh2 27. Rf5+ Ke6 28. Rf4 Ne5+ 29. Kg3 Rh8 30. Rf3 Nxf3 31. Kf4 Bd6+ 32. Kxe4 Nd2+ 33. Kd3 Nxf1 34. Ke2 Nh2 35. Bd4 Be5 36. Bxe5 Kxe5 37. f4+ Ke4 38. Kd2 Rd8+ 39. Ke2 Ng4 40. a3 Nxe3 41. b4 Nc4 42. a4 Rd2+ 43. Ke1 Rc2 44. b5 Rxc3 45. a5 Nxa5 46. Kd2 Rb3 47. Kc2 Rxb5 48. Kc3 Kxf4 49. Kd4 Nc6+ 50. Kc4 Re5 51. Kb3 Nd8 52. Kc4 Ke3 53. Kb4 Rd5 54. Kc4 Ke4 55. Kc3 f5 56. Kc4 f4 57. Kc3 Ke3 58. Kc4 Re5 59. Kc3 Rc5+ 60. Kb4 Kd4 61. Kb3 Rc6 62. Kb2 Kd3 63. Kb1 Kd2 64. Kb2 Rb6+ 65. Ka3 Kc3 66. Ka4 Rb1 67. Ka5 Kc4 68. Ka4 Ra1# 0-1

[Event "Pan American-ch Hybrid U12 Girls 31st"]
[Site "Tornelo INT"]
[Date "2021.09.04"]
[Round "9"]
[White "Villegas Garcia, Renata Alejandra"]
[Black "Bokhonok, Tatiana dos Santos"]
[Result "1-0"]
[WhiteElo "1066"]
[BlackElo "1273"]
[PlyCount "97"]
[EventDate "2021.09.04"]
[EventType "swiss"]
[EventRounds "9"]
[EventCountry "NET"]
[SourceTitle "EXT 2023"]
[Source "ChessBase"]
[SourceDate "2022.10.05"]
[SourceVersion "1"]
[SourceVersionDate "2022.10.05"]
[SourceQuality "1"]

1. d4 e6 2. Nf3 f5 3. Bf4 Nf6 4. e3 d5 5. Ne5 Nbd7 6. Be2 Nxe5 7. Bxe5 Bd6 8. 0-0 c6 9. Nc3 Qc7 10. Bh5+ Nxh5 11. Qxh5+ g6 12. Bxd6 Qxd6 13. Qg5 b6 14. Qg3 Qxg3 15. hxg3 Ba6 16. Rfe1 Kd7 17. Ne2 Rac8 18. c3 Rb8 19. b4 c5 20. Rac1 Bc4 21. a3 a5 22. Rb1 axb4 23. axb4 Rhc8 24. bxc5 bxc5 25. Rxb8 Rxb8 26. dxc5 Bxe2 27. Rxe2 Rb1+ 28. Kh2 Rb3 29. Ra2 Kc6 30. Ra6+ Kxc5 31. Rxe6 Rxc3 32. Re7 g5 33. Rxh7 f4 34. Rc7+ Kb4 35. Rxc3 Kxc3 36. gxf4 gxf4 37. g4 Kd3 38. g5 fxe3 39. fxe3 Kxe3 40. g6 d4 41. g7 d3 42. g8Q d2 43. Qe6+ Kd3 44. Qf5+ Ke2 45. Qe4+ Kd1 46. Kg2 Kc1 47. Qc4+ Kd1 48. Kf3 Ke1 49. Qe2# 1-0